000 00630nam a2200253Ia 4500
005 20260121154824.0
008 008 260114s9999 xx 000 0 eng d
020 _a9781003028512
037 _aEBOOK
040 _aCRL
040 _beng
040 _cCRL
041 _2eng
041 _aeng
084 _qCRL
100 _a Victoria Derr; Yolanda Corona
_91011929
245 0 _aLatin American Transnational Children and Youth
260 _bTaylor and Francis
260 _c2021
856 _uhttp://www.taylorfrancis.com/books/9781003028512
942 _cEBOOK
999 _c1578748
_d1578748